| 000 | 00715nam a2200229Ia 4500 | ||
|---|---|---|---|
| 001 | 9575 | ||
| 003 | GE_BSU | ||
| 008 | 181216s||||||||xx |||||||||||||| ||und|| | ||
| 040 | _cGE_BSU | ||
| 080 | _a821.353.1–1 | ||
| 100 | _aმარგიანი,რევაზ | ||
| 245 | _aთქვენდა სასიხარულოდ | ||
| 245 | _bლექსები | ||
| 245 | _cრედ. ვ.გვეტაძე.მხატვ.გ.დიკი | ||
| 260 | _aთბილისი | ||
| 260 | _bნაკადული | ||
| 260 | _c1960 | ||
| 300 | _a155გვ.22სმ. | ||
| 653 | _aთქვენდა სასიხარულოდ | ||
| 653 | _aლექსები | ||
| 942 | _cBK | ||
| 999 |
_c42867 _d42867 |
||